00705nam a22001937a 450000500170000001000170001702000260003402000230006003500170008303700190010010000270011924501540014626000460030027000640034630000290041050000230043970000180046270000310048020111202103240.0 aB-444793-794 a9780195666236c275.00 a0195666232c275.00 aB-444793-794 bAllied Pub/Ven aNair, C.N. Sreekantan  aRetelling the Ramayana:cby C.N. Sreekantan Nair [and] Sarah Joseph; translated from the Malayalam by Vasanthi Sankaranarayananbvoices from Kerala / aNew Delhi bOxford University Pressc2011 aYMCA Library Building, Jai Singh Road, bNew Delhi e110001 axxiv, 157p. c24cm (Hb)  aIncludes glossary  aJoseph, Sarah aSankaranarayanan, Vasanthi